<?xml version="1.0" encoding="UTF-8"?><OAI-PMH xmlns="http://www.openarchives.org/OAI/2.0/" xmlns:xsi="http://www.w3.org/2001/XMLSchema-instance"     xsi:schemaLocation="http://www.openarchives.org/OAI/2.0/ http://www.openarchives.org/OAI/2.0/OAI-PMH.xsd"><responseDate>2026-05-14T06:16:01Z</responseDate><request verb="GetRecord" identifier="oai:regmurcia.com:fintegr.2354" metadataPrefix="marc21">http://oai.regmurcia.com/oai2/oai2.php</request><GetRecord><record><header><identifier>oai:regmurcia.com:fintegr.2354</identifier><datestamp>2026-05-14</datestamp><setSpec>documentos</setSpec></header><metadata><record  xmlns="http://www.loc.gov/MARC21/slim" xmlns:xsi="http://www.w3.org/2001/XMLSchema-instance" xsi:schemaLocation="http://www.loc.gov/MARC21/slim http://www.loc.gov/standards/marcxml/schema/MARC21slim.xsd" type="Bibliographic"><leader>00000nam a2200000   4500</leader><controlfield tag="001" >005067929</controlfield><controlfield tag="003" >2354</controlfield><controlfield tag="004" >A00000000</controlfield><datafield tag="245" ind1=" " ind2=" "><subfield code="a">Carta  de fianza por la que Domenego Rey, Jacomo Rey, Rodrigo de Roda y Simuel Cohen se declaran fiadores de Mateo Rey y se comprometen a entregar a Bernabé de Negrón 871 quintales de alumbre en caso de que Mateo Rey no lo haga.</subfield></datafield><datafield tag="300" ind1=" " ind2=" "><subfield code="a">106r-107r</subfield></datafield><datafield tag="300" ind1=" " ind2=" "><subfield code="a">2 fol.</subfield></datafield><datafield tag="351" ind1=" " ind2=" "><subfield code="a">Unidad Documental Simple</subfield><subfield code="c">Archivo Histórico Provincial. Array</subfield><subfield code="a">Unidad Documental Simple</subfield><subfield code="c">Archivo Histórico Provincial. Array</subfield></datafield><datafield tag="510" ind1=" " ind2=" "><subfield code="a">Pub. PEIRÓ MATEOS, María del Carmen. El comercio y los comerciantes en la Murcia de finales de la Edad Media a través de los protocolos notariales. Murcia. Universidad de Murcia, 1994, p. 124-129</subfield></datafield><datafield tag="520" ind1=" " ind2=" "><subfield code="a">Carta de fianza de Domenego Rey y Jacomo Rey, genoveses, habitantes en Murcia, junto con Rodrigo de Roda y Simuel Cohen, judío, vecinos de Murcia, se comprometen a pagar a Bernabé de Negrón en nombre de Mateo Rey, tío de los dos primeros, 871 quintales de alumbre.</subfield></datafield><datafield tag="583" ind1=" " ind2=" "><subfield code="u">http://www.regmurcia.com/servlet/s.Sl?METHOD=VERDOCUMENTO&amp;sit=serv,Carmesi&amp;n=/03/2501/indice.djvu</subfield></datafield><datafield tag="592" ind1=" " ind2=" "><subfield code="a">1491-10-21</subfield></datafield><datafield tag="592" ind1=" " ind2=" "><subfield code="d">1491-10-21 00:00:00</subfield></datafield><datafield tag="651" ind1=" " ind2=" "><subfield code="a">Murcia</subfield></datafield><datafield tag="786" ind1=" " ind2=" "><subfield code="o">http://www.regmurcia.com/servlet/s.Sl?METHOD=VERDOCUMENTO&amp;sit=serv,Carmesi&amp;n=/03/2501/indice.djvu</subfield></datafield><datafield tag="856" ind1=" " ind2=" "><subfield code="u">http://www.regmurcia.com/servlet/s.Sl?METHOD=DETALLE&amp;sit=c,373,m,139,serv,Carmesi&amp;id=2354</subfield></datafield></record></metadata></record></GetRecord></OAI-PMH>
